000 01328nam a2200361Ia 4500
001 ebr10567124
003 CaPaEBR
006 m u
007 cr cn|||||||||
008 990111s1999 caua sb 001 0 eng d
010 _z 99070756
020 _z0761957847
020 _z0761957855
020 _z9780761957850
020 _z9781446266212
040 _aCaPaEBR
_cCaPaEBR
035 _a(OCoLC)797836076
050 1 4 _aBF636.6
_b.U52 1999eb
082 0 4 _a158/.3
_221
245 0 0 _aUnderstanding the counselling relationship
_h[electronic resource] /
_cedited by Colin Feltham.
260 _aLos Angeles ;
_aLondon :
_bSAGE,
_c1999.
300 _axii, 244 p. :
_bill.
490 1 _aProfessional skills for counsellors
504 _aIncludes bibliographical references and index.
533 _aElectronic reproduction.
_bPalo Alto, Calif. :
_cebrary,
_d2013.
_nAvailable via World Wide Web.
_nAccess may be limited to ebrary affiliated libraries.
650 0 _aCounselor and client.
650 0 _aCounseling.
655 7 _aElectronic books.
_2local
700 1 _aFeltham, Colin,
_d1950-
710 2 _aebrary, Inc.
830 0 _aProfessional skills for counsellors.
856 4 0 _uhttp://site.ebrary.com/lib/rucke/Doc?id=10567124
_zAn electronic book accessible through the World Wide Web; click to view
999 _c93224
_d93224